|
|
|
|
| LEADER |
00876nam a2200253 a 4500 |
| 001 |
6147 |
| 003 |
BD-DhAAL |
| 008 |
151015s1998 dcua b 001 0 eng d |
| 020 |
|
|
|a 0821321498
|
| 020 |
|
|
|a 0821340913
|
| 082 |
0 |
0 |
|a 332.1/52
|2 21
|
| 245 |
0 |
0 |
|a The World Bank annual Report 1992.
|
| 260 |
|
|
|a Washington, D.C. :
|b World Bank,
|c 1992.
|
| 300 |
|
|
|a 260 p. :
|b ill. (some col.) ;
|c 26 cm.
|
| 504 |
|
|
|a Includes bibliographical references and index.
|
| 541 |
1 |
|
|e 6147
|
| 610 |
2 |
0 |
|a World Bank.
|9 15457
|
| 610 |
2 |
0 |
|a International Finance Corporation.
|9 10423
|
| 650 |
|
0 |
|a Economic assistance
|9 15458
|
| 650 |
|
0 |
|a Banks and banking, International.
|9 15459
|
| 710 |
2 |
|
|a World Bank
|9 15457
|
| 942 |
|
|
|2 ddc
|c BK
|
| 999 |
|
|
|c 35799
|d 35799
|
| 952 |
|
|
|0 0
|1 0
|2 ddc
|4 0
|6 332_100000000000000_52_WOR
|7 0
|9 56315
|a SCL
|b SCL
|c GEN
|d 2015-10-15
|l 0
|o 332.152 WOR
|p 3020006147
|r 2015-10-15
|t 1
|w 2015-10-15
|y BK
|